Statistics for EPC #4

Click here to take the quiz!

General Stats

  • This quiz has been taken 12 times
  • The average score is 16 of 24

Answer Stats

Combination% Correct
ABCD
100%
ABDC
88%
ACBD
88%
ACDB
75%
ADBC
75%
CBDA
75%
CDAB
75%
DBCA
75%
ADCB
63%
BACD
63%
BCAD
63%
BCDA
63%
BDCA
63%
CABD
63%
CADB
63%
CDBA
63%
DABC
63%
DACB
63%
DCAB
63%
DCBA
63%
BADC
50%
BDAC
50%
CBAD
50%
DBAC
50%

Score Distribution

Percentile by Number Answered

Percent of People with Each Score

Your Score History

You have not taken this quiz